00405 2200145 4500001002100000008004100021035002000062245004600082100002300128260003900151300001700190082001400207650002500221990001300246INLIS000000000000296 ind  a0010-0423000296 aPINTAR MENGENAL SENI DAN BUDAYA INDONESIA aTRIFIIS IKRANEGARA aSURABAYAbBINTANG USAHA JAYAc2013 ahlm.c22 cm. a306.959 8 aKEBUDAYAAN INDONESIA a102732-1